Hướng dẫn du khách đến thành phố Hồ Chí Minh
v.v
Đã lưu trong:
| Tác giả chính: | |
|---|---|
| Định dạng: | Sách |
| Năm xuất bản: |
Tp. Hồ Chí Minh.
Nxb Trẻ
2004
|
| Chủ đề: | |
| Tags: |
Thêm thẻ
Không có thẻ, Hãy là người đầu tiên gắn thẻ bản ghi này!
|
| LEADER | 00988nam a2200217 4500 | ||
|---|---|---|---|
| 082 | |a 915.977904 |b TR120Đ | ||
| 100 | |a Trần Đình Dũng | ||
| 242 | |a Ho Chi Minh city tourist guidebook | ||
| 245 | |a Hướng dẫn du khách đến thành phố Hồ Chí Minh |c Trần Đình Dũng; Bảo Văn Dịch | ||
| 260 | |a Tp. Hồ Chí Minh. |b Nxb Trẻ |c 2004 | ||
| 300 | |a 234 tr. |c 19 cm | ||
| 520 | |a v.v | ||
| 653 | |a Địa lý | ||
| 653 | |a Du lịch | ||
| 653 | |a Tp.Hồ Chí Minh | ||
| 653 | |a Việt Nam | ||
| 653 | |a Hướng dẫn du lịch | ||
| 942 | |2 ddc |c STK0 | ||
| 999 | |c 3109 |d 3109 | ||
| 952 | |0 0 |1 0 |2 ddc |4 0 |6 915_977904000000000_TR120Đ |7 1 |8 900 |9 35204 |a qbu |b qbu |c D5 |d 2014-12-15 |g 38000 |o 915.977904 TR120Đ |p 4394.c1 |r 0000-00-00 |w 2014-12-15 |y STK0 |0 0 |6 915_977904000000000_TR120Đ | ||
| 952 | |0 0 |1 0 |2 ddc |4 0 |6 915_977904000000000_TR120Đ |7 0 |8 900 |9 35205 |a qbu |b qbu |c D5 |d 2014-12-15 |g 38000 |l 1 |o 915.977904 TR120Đ |p 4394.c2 |r 2019-10-22 |s 2019-10-22 |w 2014-12-15 |y STK0 |0 0 |6 915_977904000000000_TR120Đ | ||